000 00857naa a2200253 c 4500
001 26238
003 ES-MaCES
005 20150929135519.0
008 940104n1989 sp ||| | spa d
035 _aCES19980001719v
040 _aES-MaCES
_bspa
_cES-MaCES
100 1 _aSegura, Julio
_923808
245 1 0 _aProblemas de la protección social en una perspectiva comunitaria
_cJulio Segura
650 4 _adistribución del ingreso
_927109
650 4 _afinanciación de la seguridad social
_930265
650 4 _aseguridad social
_927034
650 4 _aprotección social
_929076
653 1 0 _aSeguridad Social
650 4 _926752
_aUE
773 0 _tPapeles de economía española
_gMadrid. - N. 41 (1989) ; p. 204-213
_w(ES-MaCES)25203
902 _aART Artículo de revista
942 _2CES
_cAR
_h3.0.
999 _c26238
_d26238